Star Wars: The Clone Wars Characters by quote - Statistics

General Stats
  • This quiz has been taken 2,398 times
  • The average score is 13 of 25
Answer Stats
Quote Answer % Correct
"I like your new legs. They make you look taller." Obi-Wan Kenobi
94%
"I challenge you, one warrior to another, and only the strongest shall rule Mandalore!" Darth Maul
92%
"This is not the first time you have proven to be clumsy, Lord Tyranus." Darth Sidious
92%
"I'm sorry, but I have seen that it is the Jedi that will stand in the way of peace." Anakin Skywalker
90%
"But I have to sort this out on my own, without the Council, and without you." Ahsoka Tano
87%
"For inspiration, look to yourself and those beside you." Yoda
84%
"I told you everything you needed to know on Geonosis all those years ago, Kenobi." Count Dooku
81%
"My dear General, there's nothing you have that I could want." Asajj Ventress
73%
"Insolence! We are pirates! We don't even know what that means!" Hondo Ohnaka
72%
"Magic is only an illusion." Mace Windu
66%
"You expect victory over Jedi, but all you give me to fight them is battle droids!" General Grievous
65%
"Look around! We're one and the same; same heart, same blood. Your training is in your blood. And my blood's boiling for a fight!" Fives
61%
"But I... just... got... promoted..." 224
46%
"Reward? I'll give you a reward when I plug ya full o' laser bolts!" Cad Bane
46%
"Pain, Count Dooku. You will know terrible pain." Mother Talzin
42%
"I should have known Gunray wasn't here. At the first sign of battle, he would have run off screaming like the coward he is." Kit Fisto
38%
"When you ask for trouble, you should not be surprised when it finds you." Plo Koon
37%
"It's treason, then." Pong Krell
30%
"Yes she offered me money, but she offered me something more important, something you wouldn't understand: freedom!" Slick
25%
"Hey Bossk, who's your girlfriend?" Dengar
21%
"You have no business left with the Pykes, Tyranus." Lom Pyke
21%
"Oh, you can't imagine the unspeakable things I've suffered! The horror! I doubt I'll ever really recover!" Ziro Desilijic Tiure
20%
"Aww, you made a friend. Mission accomplished. Can we go now?" Boil
19%
"Not die, sacrifice." Captain Roos Tarpals
12%
"But in this war, strength prevails. The rules have changed." Nahdar Vebb
8%
No matching quizzes found
Score Distribution
Percent of People with Each Score
Percentile by Number Answered
Your Score History
You have not taken this quiz